Catálogo
 En Linea

Directorio industrial y comercial / (Registro nro. 30859)

Detalles MARC
000 -CABECERA
campo de control de longitud fija 00619nam a2200193 a 4500
001 - NÚMERO DE CONTROL
campo de control 000031367
005 - FECHA Y HORA DE LA ÚLTIMA TRANSACCIÓN
campo de control 20200930062900.0
008 - DATOS DE LONGITUD FIJA--INFORMACIÓN GENERAL
campo de control de longitud fija 100217s193u dr a r 000 1 spa d
040 ## - FUENTE DE LA CATALOGACIÓN
Centro catalogador/agencia de origen DO-SdBNP
Lengua de catalogación spa
Centro/agencia transcriptor BNPHU
082 ## - NÚMERO DE LA CLASIFICACIÓN DECIMAL DEWEY
Número de clasificación R 380.10257293
Número de documento/Ítem P515d
100 1# - ENTRADA PRINCIPAL--NOMBRE DE PERSONA
Nombre de persona Peynado, Luis O.
9 (RLIN) 57797
245 10 - MENCIÓN DE TÍTULO
Título Directorio industrial y comercial /
Mención de responsabilidad, etc. Luis O. Peynado.
260 ## - PUBLICACIÓN, DISTRIBUCIÓN, ETC.
Lugar de publicación, distribución, etc. Ciudad Trujillo :
Nombre del editor, distribuidor, etc. [s.n.],
Fecha de publicación, distribución, etc. [193-?].
300 ## - DESCRIPCIÓN FÍSICA
Extensión 552 p. ;
Dimensiones 25 cm.
500 ## - NOTA GENERAL
Nota general Incluye índice
590 ## - NOTA LOCAL (RLIN)
Nota local Inventariado, 2018/YL
651 #4 - PUNTO DE ACCESO ADICIONAL DE MATERIA--NOMBRE GEOGRÁFICO
Nombre geográfico República Dominicana
Subdivisión general Industrias
Subdivisión de forma DIRECTORIOS
9 (RLIN) 35383
910 ## - DATOS DE OPCIÓN DEL USUARIO (OCLC)
Datos de opción del usuario Validado. Control de calidad MFF
Existencias
Estado de retiro Estado de pérdida Restricciones de uso No para préstamo Código de colección Localización permanente Ubicación/localización actual Ubicación en estantería Fecha de adquisición Número de inventario Total de préstamos Signatura topográfica completa Código de barras Fecha visto por última vez Precio válido a partir de Tipo de ítem Koha Nota pública
      Excluido de préstamo Raros y valiosos Patrimonio Dominicano Patrimonio Dominicano Depósito 20.06.2011 LF1   R 380.10257293 P515d 31367-10 25.06.2020 25.06.2020 No se presta Perteneció a la biblioteca personal de Martínez Boog.
        Patrimonio Dominicano Patrimonio Dominicano Patrimonio Dominicano Orden iniciada 20.06.2011 LF1   R 380.10257293 P515d 31368-10 25.06.2020 25.06.2020 Libro y Folleto Colección Patrimonio Dominicano  

Con tecnología Koha